| 000 | 00939nam a2200253 a 4500 | ||
|---|---|---|---|
| 001 | 000034916 | ||
| 005 | 20200930074002.0 | ||
| 008 | 111021s1987 mx a 000 0 spa d | ||
| 020 | _a9683800629 | ||
| 040 |
_aDO-SdBNP _bspa _cBNPHU |
||
| 082 |
_a709.72 _bC317a |
||
| 100 | 1 |
_aCarrillo A., Rafael _960482 |
|
| 245 | 1 | 3 |
_aEl arte barroco en México : _bdesde susu inicios, hasta el esplendor de los siglos XVII y XVIII / _cRafael Carrillo A. |
| 260 |
_aMéxico, : _bPanorama, _c1987. |
||
| 300 |
_a162 p. : _bil. ; _c19 cm. |
||
| 490 | 1 | _aColección panorama | |
| 504 | _aIncluye referencias bibliográficas y notas al pie de las páginas | ||
| 590 | _aPerteneció a la biblioteca personal de Juan Isidro Jimenes Grullón | ||
| 650 | 4 |
_aArte barroco _zMéxico _960483 |
|
| 650 | 4 |
_aArte colonial _zMéxico _960484 |
|
| 651 | 4 |
_aArte Mexicano _960485 |
|
| 830 | 0 |
_aColección panorama _960486 |
|
| 910 | _aValidado. Control de calidad MFF | ||
| 999 |
_c34407 _d34407 |
||